000 00296nam a2200121 a 4500
008 100914s1965|||| d
245 1 0 _aHrádza proti tichému oceánu
100 1 _aDurasová, Marquerite
020 _c9,10
044 _axo
_cSK
041 _aslo
260 _bSVKL
_c1965
_aBratislava
999 _c10312
_d10312